[Event "CRO-chT1B 19th"]
[Site "Sibenik"]
[Date "2010.09.08"]
[Round "5"]
[White "Bozanic, Ivica"]
[Black "Paljusaj, Edmond"]
[Result "1-0"]
[WhiteElo "2249"]
[BlackElo "2309"]
[PlyCount "103"]
[EventDate "2010.09.04"]
[EventType "team-tourn"]
[EventRounds "9"]
[EventCountry "CRO"]
[SourceTitle "CBM 138 Extra"]
[Source "ChessBase"]
[SourceDate "2010.10.29"]
[SourceVersion "1"]
[SourceVersionDate "2010.10.29"]
[SourceQuality "1"]

1. e4 c5 2. Nf3 Nc6 3. d4 cxd4 4. Nxd4 Nf6 5. Nc3 e5 6. Ndb5 d6 7. Bg5 a6 8. Na3 b5 9. Nd5 Be7 10. Bxf6 Bxf6 11. c4 b4 12. Nc2 Rb8 13. b3 0-0 14. g3 g6 15. h4 Bg7 16. h5 Be6 17. Bh3 Qd7 18. Bxe6 fxe6 19. hxg6 hxg6 20. Nde3 Qf7 21. 0-0 Nd4 22. Ng4 Qf3 23. Qxf3 Rxf3 24. Kg2 Rd3 25. Ne1 Rc3 26. Ne3 Bh6 27. Nd1 Rc1 28. Rxc1 Bxc1 29. Nd3 Bd2 30. N1b2 Bc3 31. Na4 Ne2 32. Kf3 Nd4+ 33. Kg4 Rf8 34. c5 Nf3 35. Rd1 d5 36. exd5 exd5 37. a3 e4 38. Nf4 Ne5+ 39. Kh3 d4 40. axb4 g5 41. Nd5 Rxf2 42. Naxc3 dxc3 43. Nxc3 e3 44. Rd5 Nf7 45. c6 e2 46. Nxe2 Rxe2 47. Rd8+ Nxd8 48. c7 Ne6 49. c8Q+ Kf7 50. Qxa6 g4+ 51. Kxg4 Re4+ 52. Kf5 1-0